Statistics for Guess the Terribly Drawn Countries

Click here to take the quiz!

General Stats

  • This quiz has been taken 879 times
  • The average score is 15 of 20

Answer Stats

Answer% Correct
Australia
99%
United Kingdom
98%
Egypt
97%
China
96%
India
96%
United States
95%
South Africa
91%
Brazil
89%
Croatia
87%
Indonesia
87%
Russia
87%
Canada
84%
Chad
78%
Switzerland
75%
Finland
59%
South Korea
49%
Ethiopia
48%
Ukraine
45%
Iran
37%
Turkey
30%

Score Distribution

Percentile by Number Answered

Percent of People with Each Score

Your Score History

You have not taken this quiz